书目信息 |
| 题名: |
电工学
|
|
| 作者: | 刘国林 主编 | |
| 分册: | ||
| 出版信息: | 北京 人民邮电出版社 2005.08 |
|
| 页数: | 391页 | |
| 开本: | 26cm | |
| 丛书名: | ||
| 单 册: | ||
| 中图分类: | TM1 | |
| 科图分类: | ||
| 主题词: | 电子技术--dian zi ji shu--高等学校--教材 | |
| 电子资源: | ||
| ISBN: | 7-115-13995-4 | |
| 000 | 01014nam0 2200241 450 | |
| 001 | 010261817549 | |
| 005 | 20060119142013.70 | |
| 010 | @a7-115-13995-4@dCNY31.00 | |
| 100 | @a20060119d2005 km y0chiy0120 ea | |
| 101 | 0 | @achi |
| 102 | @aCN@b110000 | |
| 105 | @aa a 000yy | |
| 200 | 1 | @a电工学@Adian gong xue@f刘国林主编@Fliu guo lin zhu bian |
| 210 | @a北京@c人民邮电出版社@d2005.08 | |
| 215 | @a391页@c图@d26cm | |
| 300 | @a高等学校教材 | |
| 320 | @a有书目 (第392页)。 | |
| 330 | @a本书共分18章,分别介绍了直流电路、正弦交流电路、三相交流电路、非正弦周期信号电路、暂态电路、半导体器件、基本放大电路、集成运算放大器、功率放大电路、逻辑门电路、时序逻辑电路、半导体存储器、模拟信号与数字信号的相互转换、测试技术、变压器、电动机、电气自动控制、计算机控制技术等内容。书中各章配有小结与深浅度适中的习题,书末有部分习题参考答案。 | |
| 606 | 0 | @a电子技术@Adian zi ji shu@x高等学校@j教材 |
| 690 | @aTM1@v4 | |
| 701 | 0 | @a刘国林@Aliu guo lin@4主编 |
| 801 | 0 | @aCN@bQSSK@c20060119 |
| 905 | @a10447@dTM1@eL613 | |
| 电工学/刘国林主编.-北京:人民邮电出版社,2005.08 |
| 391页:图;26cm |
| 高等学校教材 |
| ISBN 7-115-13995-4:CNY31.00 |
| 本书共分18章,分别介绍了直流电路、正弦交流电路、三相交流电路、非正弦周期信号电路、暂态电路、半导体器件、基本放大电路、集成运算放大器、功率放大电路、逻辑门电路、时序逻辑电路、半导体存储器、模拟信号与数字信号的相互转换、测试技术、变压器、电动机、电气自动控制、计算机控制技术等内容。书中各章配有小结与深浅度适中的习题,书末有部分习题参考答案。 |
| ● |
| 相关链接 |
|
|
|
正题名:电工学
索取号:TM1/L613
 
预约/预借
| 序号 | 登录号 | 条形码 | 馆藏地/架位号 | 状态 | 备注 |
| 1 | 579834 | 205798341 | 自科库301/404自科库 17排3列6层/ [索取号:TM1/L613] | 在馆 | |
| 2 | 579835 | 205798350 | 自科库301/301自科库 6排4列1层/ [索取号:TM1/L613] | 在馆 | |
| 3 | 579836 | 205798369 | 自科库301/301自科库 6排4列1层/ [索取号:TM1/L613] | 在馆 |